000 00684nam a2200205Ia 4500
003 GCL
008 140319s9999 xx 000 0 ara d
040 _aGCL /
_cGCL
082 0 4 _a953.5663
_bا ت
100 1 _aالسيد عبدالعزيز سالم
245 1 0 _aتاريخ مدينة صيدا فى العصر الاسلامى HISTORE DE SAIDA A LEPOQUE MUSULMANS /
_cالسيد عبدالعزيز سالم
260 _a[S.N] :
_bمؤسسة شباب الجامعة ،
_c1986
300 _a220 ص
490 _a
650 0 4 _aالتاريخ الاسلامى
650 0 4 _aلبنان
650 0 4 _aالحضارة الاسلامية
650 0 4 _aصيدا
942 _2ddc
_cBK
999 _c30255
_d30255